The Creation and Development of Health and Wellness Tourism in Sárvár

Bibliographic Details
Main Author: Hajas Máté
Other Authors: Fábián Tamás Zoltán
Format: Thesis
Kulcsszavak:health tourism
thermal spas
tourism
Tourism development
wellness
Online Access:http://dolgozattar.uni-bge.hu/60188

MARC

LEADER 00000nta a2200000 i 4500
001 dolg60188
005 20260409150119.0
008 260409suuuu hu om 000 eng d
040 |a BGE Dolgozattár Repozitórium  |b hun 
041 |a en 
100 1 |a Hajas Máté 
245 1 4 |a The Creation and Development of Health and Wellness Tourism in Sárvár  |c Hajas Máté  |h [elektronikus dokumentum] 
520 3 |a This thesis aims to examine health tourism in Sárvárwith a special focus on the role of the Spirit Hotel and the Sárvár Thermal Spa. The research will present the socio-economic impact of wellness and health tourism, the changes in guest expectations after the COVID-19 epidemic, and the development of tourism in the municipality. Based on secondary and primary research, including a questionnaire survey and an interview, it provides a comprehensive picture of the situation of local health tourism. Also, this study shows that quality services and conscious development play a key role in maintaining the competitiveness of tourism in Sárvár. 
695 |a health tourism 
695 |a thermal spas 
695 |a tourism 
695 |a Tourism development 
695 |a wellness 
700 1 |a Fábián Tamás Zoltán  |e ths 
856 4 0 |u http://dolgozattar.uni-bge.hu/60188/1/The%20Creation%20and%20Development%20of%20Health%20and%20Wellness%20Tourism%20in%20S%C3%A1rv%C3%A1r%20%28Hajas%20M%C3%A1t%C3%A9%29.pdf  |z Dokumentum-elérés 
856 4 0 |u http://dolgozattar.uni-bge.hu/60188/2/TrustYou.zip  |z Dokumentum-elérés 
856 4 0 |u http://dolgozattar.uni-bge.hu/60188/3/Spirit-interview.zip  |z Dokumentum-elérés 
856 4 0 |u http://dolgozattar.uni-bge.hu/60188/4/Hajas%20M%C3%A1t%C3%A9_BA_angol_F%C3%A1bi%C3%A1n%20Tam%C3%A1s_konzulensi.pdf  |z Dokumentum-elérés 
856 4 0 |u http://dolgozattar.uni-bge.hu/60188/5/Hajas%20M%C3%A1t%C3%A9_opponensi_b%C3%ADr%C3%A1lat_Z%C3%A1mbori%20P%C3%A9ter.pdf  |z Dokumentum-elérés